Countries Bordering the Most 'S' Countries - Statistics

General Stats
  • This quiz has been taken 74 times
  • The average score is 10 of 11
Answer Stats
# 'S' Countries Answer % Correct
2 Serbia, Slovenia Croatia
97%
3 Spain, Suriname, Switzerland France
97%
3 San Marino, Slovenia, Switzerland Italy
97%
3 Slovakia, Slovenia, Switzerland Austria
95%
3 Sudan, Somalia, South Sudan Ethiopia
95%
2 Saudi Arabia, Syria Iraq
92%
3 Serbia, Slovakia, Slovenia Hungary
89%
2 Saudi Arabia, Syria Jordan
89%
2 Senegal, Sierra Leone Guinea
80%
2 Sudan, South Sudan Central African Republic
78%
2 Somalia, South Sudan Kenya
77%
No matching quizzes found
Score Distribution
Percent of People with Each Score
Percentile by Number Answered
Your Score History
You have not taken this quiz